000
00218nam a22001097a 4500
041
_a
eng
080
_a
80
100
_a
Horak, S.
245
_a
Ukraine in der International Politic.
650
_a
German
999
_c
277778
_d
277778
942
_c
BK